Sports Quiz

Random Sports or Tennis Quiz

Men's Tennis Grand Slam Quiz Stats

 Plays Quiz Updated Mar 16, 2021

Support Sporcle.
Go Orange.
Score 0/14 Timer 04:00
21 Plays Today
# Titles Player % Correct
20Roger Federer
98.5%
20Rafael Nadal
94.1%
14Pete Sampras
93.7%
18Novak Đoković
92.6%
8Andre Agassi
87%
11Bjorn Borg
85.8%
7John McEnroe
81.9%
# Titles Player % Correct
6Boris Becker
71.1%
8Jimmy Connors
68.4%
8Ivan Lendl
63%
5Rod Laver
58.3%
6Stefan Edberg
49.9%
7Mats Wilander
41.5%
5John Newcombe
27.9%

You're not logged in!

Compare scores with friends on all Sporcle quizzes.
OR
Log In

From the Vault

Alphabet on Sale

by gazzso

We're not sure how successful we'd be at selling the letter "G," but we'll go for it.
Remove Ads.
Support Sporcle.
Get the best of Sporcle when you Go Orange. This ad-free experience offers more features, more stats, and more fun while also helping to support Sporcle. Thank you for becoming a member.

Show Comments

Extras

Top Quizzes Today


Score Distribution

Your Account Isn't Verified!

In order to create a playlist on Sporcle, you need to verify the email address you used during registration. Go to your Sporcle Settings to finish the process.

Report this User

Report this user for behavior that violates our Community Guidelines.

Details: